Statistieken voor Top 15 landen met Covid-19 sterfgevallen - 22 mei

Klik hier om de quiz te nemen!

Algemene statistieken

  • Deze quiz is 2 keer genomen
  • De gemiddelde score is 6 van 21

Antwoordstatistieken

land% Correct
Nederland
100%
België
50%
China
50%
Duitsland
50%
Frankrijk
50%
Mexico
50%
Spanje
50%
Verenigde Staten
50%
Zweden
50%
Zweden
50%
Brazilië
0%
Canada
0%
Ecuador
0%
Ierland
0%
Iran
0%
Italië
0%
Peru
0%
Portugal
0%
Turkije
0%
Verenigd Koninkrijk
0%
Zwitserland
0%

Scoreverdeling

Percentiel versus Aantal Correcte Antwoorden

Procent van Mensen met Elke Score

Uw Scoregeschiedenis

U heeft deze quiz nog niet genomen